1000 AutoCAD tips & tricks / (Record no. 615858)
[ view plain ]
| 000 -LEADER | |
|---|---|
| fixed length control field | 01411cam a2200409 a 4500 |
| 001 - CONTROL NUMBER | |
| control field | 3924016 |
| 005 - DATE AND TIME OF LATEST TRANSACTION | |
| control field | 20260119154149.0 |
| 008 - FIXED-LENGTH DATA ELEMENTS--GENERAL INFORMATION | |
| fixed length control field | 920824s1993 ncua 001 0 eng |
| 010 ## - LIBRARY OF CONGRESS CONTROL NUMBER | |
| LC control number | 92031100 |
| 020 ## - INTERNATIONAL STANDARD BOOK NUMBER | |
| International Standard Book Number | 1566040078 : |
| Terms of availability | $27.95 |
| 020 ## - INTERNATIONAL STANDARD BOOK NUMBER | |
| International Standard Book Number | 9781566040075 |
| 035 ## - SYSTEM CONTROL NUMBER | |
| System control number | 3924016 |
| 040 ## - CATALOGING SOURCE | |
| Original cataloging agency | DLC |
| Transcribing agency | DLC |
| Modifying agency | DLC |
| 050 00 - LIBRARY OF CONGRESS CALL NUMBER | |
| Classification number | T385 |
| Item number | .H37 1993 |
| 082 00 - DEWEY DECIMAL CLASSIFICATION NUMBER | |
| Classification number | 620.0042 HEA |
| Edition number | 20 |
| 100 1# - MAIN ENTRY--PERSONAL NAME | |
| Personal name | Head, George O., |
| Dates associated with a name | 1945- |
| 9 (RLIN) | 132823 |
| 110 ## - MAIN ENTRY--CORPORATE NAME | |
| Corporate name or jurisdiction name as entry element | Jan Doster Head. |
| 9 (RLIN) | 132824 |
| 245 10 - TITLE STATEMENT | |
| Title | 1000 AutoCAD tips & tricks / |
| Statement of responsibility, etc. | George O. Head & Jan Doster Head. |
| 250 ## - EDITION STATEMENT | |
| Edition statement | 3rd ed. |
| 260 ## - PUBLICATION, DISTRIBUTION, ETC. | |
| Place of publication, distribution, etc. | Chapel Hill, NC : |
| Name of publisher, distributor, etc. | Ventana Press, |
| Date of publication, distribution, etc. | c1993. |
| 300 ## - PHYSICAL DESCRIPTION | |
| Extent | xlix, 686 p. : |
| Other physical details | ill. ; |
| Dimensions | 24 cm. |
| 336 ## - CONTENT TYPE | |
| Content type term | text |
| Content type code | txt |
| Source | rdacontent |
| 337 ## - MEDIA TYPE | |
| Media type term | unmediated |
| Media type code | n |
| Source | rdamedia |
| 338 ## - CARRIER TYPE | |
| Carrier type term | volume |
| Carrier type code | nc |
| Source | rdacarrier |
| 440 #0 - SERIES STATEMENT/ADDED ENTRY--TITLE | |
| Title | AutoCAD reference library |
| 9 (RLIN) | 132825 |
| 500 ## - GENERAL NOTE | |
| General note | "For release 12." |
| 500 ## - GENERAL NOTE | |
| General note | Includes indexes. |
| 630 00 - SUBJECT ADDED ENTRY--UNIFORM TITLE | |
| Uniform title | AutoCAD. |
| 9 (RLIN) | 6344 |
| 650 #0 - SUBJECT ADDED ENTRY--TOPICAL TERM | |
| Topical term or geographic name entry element | Computer graphics. |
| 9 (RLIN) | 1225 |
| 700 1# - ADDED ENTRY--PERSONAL NAME | |
| Personal name | Head, Jan Doster. |
| 9 (RLIN) | 40483 |
| 740 0# - ADDED ENTRY--UNCONTROLLED RELATED/ANALYTICAL TITLE | |
| Uncontrolled related/analytical title | 1,000 AutoCAD tips and tricks. |
| 740 0# - ADDED ENTRY--UNCONTROLLED RELATED/ANALYTICAL TITLE | |
| Uncontrolled related/analytical title | One thousand AutoCAD tips & tricks. |
| 906 ## - LOCAL DATA ELEMENT F, LDF (RLIN) | |
| a | 7 |
| b | cbc |
| c | orignew |
| d | 1 |
| e | ocip |
| f | 19 |
| g | y-gencatlg |
| 942 ## - ADDED ENTRY ELEMENTS (KOHA) | |
| Source of classification or shelving scheme | |
| Koha item type | Book |
| Withdrawn status | Lost status | Source of classification or shelving scheme | Damaged status | Not for loan | Permanent Location | Current Location | Shelving location | Date acquired | Total Checkouts | Full call number | Barcode | Date last seen | Price effective from | Koha item type | Public note |
|---|---|---|---|---|---|---|---|---|---|---|---|---|---|---|---|
| College of Electrical & Mechanical Engineering (CEME) | College of Electrical & Mechanical Engineering (CEME) | General Stacks | 01/19/2026 | 620.0042 HEA | CEME-25259 | 01/19/2026 | 01/19/2026 | Book | 4.1 |
